Introducción al estudio del derecho : (Registro nro. 15393)
[ vista simple ]
| 000 -LEADER | |
|---|---|
| fixed length control field | 01658nam a22002657a 4500 |
| 003 - CONTROL NUMBER IDENTIFIER | |
| control field | OSt |
| 005 - DATE AND TIME OF LATEST TRANSACTION | |
| control field | 20210316115200.0 |
| 008 - FIXED-LENGTH DATA ELEMENTS--GENERAL INFORMATION | |
| fixed length control field | 210316t1994 mx ||||fr|||| 001 0 spa d |
| 020 ## - INTERNATIONAL STANDARD BOOK NUMBER | |
| International Standard Book Number | 9684325525 |
| 040 ## - CATALOGING SOURCE | |
| Original cataloging agency | CO-JMCR |
| Transcribing agency | CO-JMCR |
| 041 0# - LANGUAGE CODE | |
| Language code of text/sound track or separate title | spa |
| 082 04 - DEWEY DECIMAL CLASSIFICATION NUMBER | |
| Classification number | 340.1 / |
| Item number | V759i |
| Edition number | 23 |
| 100 1# - MAIN ENTRY--PERSONAL NAME | |
| Personal name | Villoro Toranzo, Miguel, |
| Relator term | autor |
| 9 (RLIN) | 36153 |
| 245 10 - TITLE STATEMENT | |
| Title | Introducción al estudio del derecho : |
| Statement of responsibility, etc. | Miguel Villoro Toranzo |
| 250 ## - EDITION STATEMENT | |
| Edition statement | Decimoprimera edición |
| 260 ## - PUBLICATION, DISTRIBUTION, ETC. | |
| Place of publication, distribution, etc. | México : |
| Name of publisher, distributor, etc. | Editorial Porrua, |
| Date of publication, distribution, etc. | ©1994 |
| 300 ## - PHYSICAL DESCRIPTION | |
| Extent | xxiv, 506 páginas ; |
| Dimensions | 23 cm. |
| 500 ## - GENERAL NOTE | |
| General note | Incluye notas a pie de página e índices de nombres y alfabético de materias. |
| 504 ## - BIBLIOGRAPHY, ETC. NOTE | |
| Bibliography, etc. note | Incluye bibliografía al final de cada capítulo. |
| 505 0# - FORMATTED CONTENTS NOTE | |
| Formatted contents note | El problema de la noción del Derecho -- Las nociones morales del Derecho -- Las nociones racionalistas del Derecho -- Las nociones empíricas del Derecho -- Las nociones voluntaristas del Derecho -- Las definiciones del Derecho -- Los cuatro aspectos de la Ciencia del Derecho -- El nacimiento del Derecho -- Las fuentes formales del Derecho -- El conocimiento de los datos jurídicos -- La valoración jurídica -- La construcción de los esquemas jurídicos -- La aplicación de los esquemas jurídicos -- Diversas actitudes ante la Ciencia del Derecho -- Los conceptos jurídicos fundamentales -- El Derecho como sistema de normas -- La norma jurídica -- Hechos y actos jurídicos -- El concepto jurídico de persona -- La libertad jurídica -- La norma jurídica y sus caracteres |
| 650 14 - SUBJECT ADDED ENTRY--TOPICAL TERM | |
| Topical term or geographic name entry element | Derecho |
| General subdivision | Enseñanza |
| 9 (RLIN) | 36154 |
| 650 24 - SUBJECT ADDED ENTRY--TOPICAL TERM | |
| Topical term or geographic name entry element | Derecho |
| General subdivision | Fuentes |
| 9 (RLIN) | 36155 |
| 650 24 - SUBJECT ADDED ENTRY--TOPICAL TERM | |
| Topical term or geographic name entry element | Teoría del derecho |
| 9 (RLIN) | 7948 |
| 942 ## - ADDED ENTRY ELEMENTS (KOHA) | |
| Source of classification or shelving scheme | Dewey Decimal Classification |
| Koha item type | Books |
| Withdrawn status | Lost status | Source of classification or shelving scheme | Damaged status | Not for loan | Collection code | Home library | Current library | Date acquired | Source of acquisition | Total Checkouts | Full call number | Barcode | Date last seen | Copy number | Price effective from | Koha item type |
|---|---|---|---|---|---|---|---|---|---|---|---|---|---|---|---|---|
| Dewey Decimal Classification | Non-fiction | Biblioteca Pública José María del Castillo y Rada | Biblioteca Pública José María del Castillo y Rada | 10/02/2020 | Donación | 340.1 / V759i | 201810887 | 05/16/2024 | Ej.1 | 03/16/2021 | Books |